000 01032nam a2200265Ia 4500
003 OSt
005 20221005105320.0
006 a|||||r|||| 00| 0
007 ta
008 221004b |||||||| |||| 00| 0 hin d
020 _a9788170546788 (hbk)
_c500
024 _a17717
037 _b116, 21/03/2015, Mallika Books
_cTextual
040 _aCRL
_cCRL
_bhin
041 _2hin
_ahin
082 _aO152,3:g(Y:1), Q4
100 _aमहन्त, फूलदास
245 0 _aहिन्दी उपन्यासों में भारतीय संस्कृति
246 _aHindī upanyāsoan mean bhāratīya sanskṛuti
260 _aनई दिल्ली
_bक्लासिकल पब्लिशिंग कम्पनी भारत
_c2014
300 _a208पृ0
_ccm.
650 _aहिन्दी साहित्य
942 _hO152,3:g(Y:1), Q4
_cTEXL
_2cc
999 _c1015440
_d1015440